00386nam a2200109Ia 4500008004100000082000800041100001700049245009200066942000600158952009700164999001500261240331s9999 xx 000 0 und d bBUI aMayer, M. ed 0aBuilding local capacities for peace :brethinking conflict and development in Sri Lanka cL 001040708LaWERCLbWERCLcSSCd2024-03-31l0o 305.8 BUIp5584r2024-03-31w2024-03-31yL c1989d1989